| 000 | 00000nam##2200000za#4500 |
| 001 | 9.640495 |
| 003 | CaOODSP |
| 005 | 20210624222710 |
| 007 | cr ||||||||||| |
| 008 | 150407|1995||||xxc|||||o f|0| 0 fre|d |
| 040 | |aCaOODSP|bfre |
| 043 | |an-cn--- |
| 086 | 1 |aCH4-1/8-1995F-PDF |
| 110 | 1 |aCanada. |bPatrimoine canadien. |
| 245 | 10|aÉtude sur les effets de la violence télévisuelle sur les enfants, selon leur âge / |h[ressource électronique]|c[par] Wendy L. Josephson. |
| 260 | |aOttawa - Ontario : |bPatrimoine canadien |cFévrier 1995. |
| 300 | |a99p.|bréférences |
| 500 | |aLe n° de catalogue (CH4-1/8-1995F) et l'ISBN (0-662-80121-0) de l'édition imprimée ont été incorrectement copiés dans l'édition électronique. |
| 590 | |a12-31-Supp|b2012-07-06 |
| 691 | 07|aDéveloppement de l'enfant|2gcpds |
| 691 | 07|aTélévision|2gcpds |
| 691 | 07|aViolence|2gcpds |
| 720 | 1 |aJosephson, Wendy L. |
| 775 | 08|tTelevision violence : |w(CaOODSP)9.696379 |
| 776 | 0#|tÉtude sur les effets de la violence télévisuelle sur les enfants, selon leur âge / |w(CaOODSP)9.679493 |
| 856 | 40|ahttp://publications.gc.ca|qPDF|s987 Ko|uhttps://publications.gc.ca/collections/Collection/CH4-1-8-1995F.pdf |